| 000 | 00972cam a22002775a 4500 | ||
|---|---|---|---|
| 001 | 016839647 | ||
| 003 | OSt | ||
| 005 | 20201128021405.0 | ||
| 008 | 140514s2014 nyu o| 000 0 eng|d | ||
| 020 | _a9780323296526 (PDF ebook) | ||
| 020 | _z9780323296427 (pbk.) | ||
| 040 |
_aStDuBDS _beng _cStDuBDS _epn _dEG-ScBUE |
||
| 082 | 0 | 4 |
_a670 _222 _bMIC |
| 245 | 0 | 0 |
_aMicro and nanofabrication using self-assembled biological nanostructures / _cedited by Jaime Castillo-León, Winnie Svendsen. |
| 260 |
_aOxford ; _aWaltham : _bWilliam Andrew / Elaevier, _cc.2015. |
||
| 300 |
_avi, 115 p. : _bill, ; _c24 cm. |
||
| 490 | 0 | _aMicro and nano technologies series. | |
| 504 | _aIncludes bibliographical references. | ||
| 650 | 7 |
_aNanotechnology. _2BUEsh _9519 |
|
| 650 | 7 |
_aNanotechnology. _9519 _2BUEsh |
|
| 651 | _2BUEsh | ||
| 653 |
_bENGGEN _cJune2015 _cJanuary2016 |
||
| 700 | 1 |
_aCastillo-León, Jaime, _eeditor. |
|
| 700 | 1 |
_aSvendsen, Winnie Edith, _eeditor. |
|
| 942 | _2ddc | ||
| 999 |
_c20103 _d20075 |
||